000
00262nam a2200109Ia 4500
008
190216s9999||||xx |||||||||||||| ||und||
100
_a
Muttathu Varkey
245
0
_a
Panchayath Vilakki
260
_b
National Book Stall
650
_a
Kathakal
942
_c
BK
999
_c
24607
_d
24607